000
00209nam a2200097Ia 4500
008
220204s9999 xx 000 0 und d
082
_a
82-3
_b
WES
100
_a
West, Morris
245
0
_a
Ambassador
942
_c
BK
999
_c
32674
_d
32674